| 000 | 00730nam a2200229 i 4500 | ||
|---|---|---|---|
| 001 | bg | ||
| 100 | 1 | _aGOLEC, Kazimierz | |
| 245 | 1 | 0 |
_aSilniki przepływowe : _bpodręcznik dla studentów wyższych szkół technicznych / _cKazimierz Golec ; Politechnika Krakowska im. Tadeusza Kościuszki. |
| 260 |
_aKraków : _bPK, _c1999. |
||
| 300 |
_a168 s. : _bil., wykr. ; _c24 cm. |
||
| 504 | _aBibliogr. | ||
| 650 | 9 | _aSilniki odrzutowe | |
| 655 | _aPodręczniki akademickie | ||
| 710 | 0 | _aPolitechnika Krakowska im. Tadeusza Kościuszki | |
| 020 | _a8372420300 | ||
| 040 | _cBPK | ||
| 041 | 0 | _apl | |
| 080 | _a621.313.5:621.45](075.8) | ||
| 920 | _a83-7242-030-0 | ||
| 942 | _cKS | ||
| 008 | s pl f |000 0 pol | ||
| 999 |
_c38349 _d38349 |
||
| 856 |
_uhttp://koha.tu.koszalin.pl/cgi-bin/koha/opac-detail.pl?biblionumber=38349 _yKatalog online BPK |
||